Statistics for $1 Billion Movies

Click here to take the quiz!

General Stats

  • This quiz has been taken 186 times
    (66 since last reset)
  • The average score is 17 of 51

Answer Stats

Worldwide GrossYear of ReleaseMovie% Correct
9.$1,518.82012The Avengers
98%
1.$2,922.92009Avatar
96%
3.$2,201.61997Titanic
91%
2.$2,797.52019Avengers: Endgame
87%
5.$2,048.32018Avengers: Infinity War
73%
24.$1,153.32016Captain America: Civil War
53%
13.$1,402.82015Avengers: Age of Ultron
51%
6.$1,916.92021Spider-Man: No Way Home
51%
50.$1,006.22008The Dark Knight
51%
14.$1,382.22018Black Panther
49%
22.$1,214.82013Iron Man 3
49%
7.$1,671.52015Jurassic World
47%
4.$2,069.52015Star Wars: The Force Awakens
42%
30.$1,109.81993Jurassic Park
40%
28.$1,128.42019Captain Marvel
38%
27.$1,131.92019Spider-Man: Far From Home
38%
16.$1,332.62017Star Wars: The Last Jedi
38%
34.$1,081.12012The Dark Knight Rises
38%
11.$1,486.62022Top Gun: Maverick
38%
37.$1,066.92010Toy Story 3
36%
25.$1,148.52018Aquaman
33%
18.$1,304.52013Frozen
33%
36.$1,073.42019Toy Story 4
33%
15.$1,342.32011Harry Potter and the Deathly Hallows Part 2
31%
26.$1,146.42003The Lord of the Rings: The Return of the King
31%
51.$1,001.12022Jurassic World: Dominion
29%
17.$1,310.42018Jurassic World: Fallen Kingdom
29%
44.$1,028.52016Finding Dory
27%
12.$1,450.02019Frozen 2
27%
10.$1,515.32015Furious 7
22%
20.$1,243.02018Incredibles 2
22%
32.$1,104.92019Joker
20%
35.$1,074.12019Star Wars: The Rise of Skywalker
20%
21.$1,236.02017The Fate of the Furious
18%
43.$1,034.82017Despicable Me 3
16%
23.$1,159.42015Minions
16%
38.$1,066.12006Pirates of the Caribbean: Dead Man's Chest
16%
42.$1,045.72011Pirates of the Caribbean: On Stranger Tides
16%
47.$1,024.12016Zootopia
16%
31.$1,108.52012Skyfall
13%
45.$1,027.01999Star Wars: Episode I - The Phantom Menace
13%
33.$1,104.02014Transformers: Age of Extinction
13%
19.$1,273.52017Beauty and the Beast (2017)
11%
40.$1,058.62016Rogue One: A Star Wars Story
11%
39.$1,063.61994The Lion King (1994)
11%
8.$1,663.22019The Lion King (2019)
11%
29.$1,123.72011Transformers: Dark of the Moon
11%
41.$1,050.72019Aladdin (2019)
9%
48.$1,023.82001Harry Potter and the Philosopher's Stone
9%
49.$1,017.02012The Hobbit: An Unexpected Journey
9%
46.$1,025.42010Alice in Wonderland (2010)
7%

Score Distribution

Percentile by Number Answered

Percent of People with Each Score

Your Score History

You have not taken this quiz since the last reset